[Event "HUN-chT2 0102"]
[Site "Hungary"]
[Date "2002.01.13"]
[Round "5"]
[White "Leviczki, Tibor"]
[Black "Baranyai, Karoly"]
[Result "1-0"]
[WhiteElo "2114"]
[BlackElo "2264"]
[PlyCount "60"]
[EventDate "2001.??.??"]
[EventType "team"]
[EventRounds "11"]
[EventCountry "HUN"]
[SourceTitle "EXT 2004"]
[Source "ChessBase"]
[SourceDate "2003.11.25"]
[SourceVersion "1"]
[SourceVersionDate "2003.11.25"]
[SourceQuality "1"]

1. d4 Nf6 2. c4 e6 3. Nc3 d5 4. cxd5 exd5 5. Bg5 Be7 6. e3 c6 7. Qc2 a5 8. Bd3 Na6 9. a3 Nc7 10. Nge2 Ne6 11. Bh4 g6 12. 0-0 0-0 13. f3 c5 14. dxc5 Nxc5 15. Nd4 Nxd3 16. Qxd3 Be6 17. Rac1 Ne8 18. Bxe7 Qxe7 19. Nxe6 fxe6 20. e4 dxe4 21. Nxe4 Rd8 22. Qb3 Rd5 23. Rfe1 Ng7 24. Qb6 Rfd8 25. Rc7 R5d7 26. Rxd7 Rxd7 27. Qxa5 Nf5 28. Qe5 Rc7 29. Nc3 Rc6 30. Ne4 Qd8 1-0

[Event "HUN-chT2 9900"]
[Site "Hungary"]
[Date "2000.03.26"]
[Round "10"]
[White "Boronyak, Arpad"]
[Black "Baranyai, Karoly"]
[Result "1-0"]
[WhiteElo "2286"]
[BlackElo "2323"]
[PlyCount "83"]
[EventDate "1999.09.26"]
[EventType "team"]
[EventRounds "11"]
[EventCountry "HUN"]
[SourceTitle "EXT 2002"]
[Source "ChessBase"]
[SourceDate "2001.11.25"]
[SourceVersion "1"]
[SourceVersionDate "2001.11.25"]
[SourceQuality "1"]

1. e4 c6 2. d4 d5 3. Nc3 dxe4 4. Nxe4 Bf5 5. Ng3 Bg6 6. Nf3 Nd7 7. h4 h6 8. h5 Bh7 9. Bd3 Bxd3 10. Qxd3 Ngf6 11. Bd2 Qc7 12. 0-0-0 e6 13. Ne4 0-0-0 14. g3 Nxe4 15. Qxe4 Nf6 16. Qe2 Bd6 17. c4 c5 18. Kb1 a6 19. Rh4 cxd4 20. Nxd4 Rhe8 21. c5 Be5 22. Nb3 Rd5 23. f4 Bd4 24. Ba5 Qd7 25. c6 Qd6 26. cxb7+ Kxb7 27. Rc1 Bb6 28. Bxb6 Qxb6 29. Qc2 Red8 30. Nc5+ Ka7 31. Na4 Qb7 32. f5 e5 33. Rc4 Ne8 34. Rc6 Rd1 35. Qc5+ Ka8 36. Nb6+ Kb8 37. Qxe5+ Ka7 38. Qc5 Kb8 39. a4 Rxc1+ 40. Kxc1 Nc7 41. Nd7+ Kc8 42. Ne5 1-0

[Event "HUN-chT2 9900"]
[Site "Hungary"]
[Date "2000.03.05"]
[Round "9"]
[White "Eperjesi, Laszlo"]
[Black "Baranyai, Karoly"]
[Result "1/2-1/2"]
[WhiteElo "2381"]
[BlackElo "2323"]
[PlyCount "48"]
[EventDate "1999.09.26"]
[EventType "team"]
[EventRounds "11"]
[EventCountry "HUN"]
[SourceTitle "EXT 2002"]
[Source "ChessBase"]
[SourceDate "2001.11.25"]
[SourceVersion "1"]
[SourceVersionDate "2001.11.25"]
[SourceQuality "1"]

1. d4 Nf6 2. c4 c5 3. d5 b5 4. cxb5 a6 5. e3 g6 6. Nc3 Bg7 7. a4 0-0 8. Nf3 d6 9. Be2 Bb7 10. 0-0 e6 11. e4 exd5 12. exd5 Nbd7 13. Bg5 h6 14. Bh4 g5 15. Bg3 Nb6 16. a5 Nbxd5 17. Nxd5 Nxd5 18. bxa6 Bc6 19. Qd2 Qf6 20. Rab1 Rfb8 21. Rfc1 Rb4 22. Bc4 Qf5 23. Bd3 Qf6 24. Bc4 Qf5 1/2-1/2

[Event "HUN-chT2 9899"]
[Site "Hungary"]
[Date "1999.??.??"]
[Round "?"]
[White "Hetenyi, Geza"]
[Black "Baranyai, Karoly"]
[Result "1-0"]
[WhiteElo "2235"]
[BlackElo "2330"]
[PlyCount "81"]
[EventDate "1998.??.??"]
[EventType "team"]
[EventRounds "12"]
[EventCountry "HUN"]
[SourceTitle "EXT 2000"]
[Source "ChessBase"]
[SourceDate "1999.11.16"]
[SourceVersion "1"]
[SourceVersionDate "1999.11.16"]
[SourceQuality "1"]

1. d4 Nf6 2. c4 c5 3. d5 b5 4. cxb5 a6 5. bxa6 Bxa6 6. Nc3 g6 7. e4 Bxf1 8. Kxf1 d6 9. g3 Bg7 10. Kg2 0-0 11. h3 Nbd7 12. Nf3 Ra6 13. Re1 Qa8 14. a4 Rb8 15. Ra3 Rb4 16. Kg1 Nb6 17. b3 Nfd7 18. Na2 Rd4 19. Nxd4 Bxd4 20. Re2 Ne5 21. Rd2 f5 22. Rxd4 cxd4 23. f4 Ned7 24. Qxd4 Nf6 25. Nb4 fxe4 26. Bb2 Nbxd5 27. Nxa6 Qxa6 28. Qc4 Qb6+ 29. Bd4 Qa5 30. b4 Qa8 31. Bxf6 exf6 32. Qxe4 Qc6 33. Re3 Qc1+ 34. Re1 Qd2 35. b5 Kg7 36. Re2 Qc1+ 37. Kh2 Qd1 38. a5 h5 39. a6 h4 40. gxh4 Nxf4 41. Qe7+ 1-0

[Event "HUN-chT2 9798"]
[Site "Hungary"]
[Date "1998.??.??"]
[Round "?"]
[White "Baranyai, Karoly"]
[Black "Bernei, Andras"]
[Result "1/2-1/2"]
[WhiteElo "2315"]
[BlackElo "2290"]
[PlyCount "63"]
[EventDate "1997.??.??"]
[EventType "team"]
[EventRounds "11"]
[EventCountry "HUN"]
[SourceTitle "EXT 1999"]
[Source "ChessBase"]
[SourceDate "1998.11.16"]
[SourceVersion "1"]
[SourceVersionDate "1998.11.16"]
[SourceQuality "1"]

1. d4 d5 2. c4 c6 3. Nf3 e6 4. e3 Nf6 5. Nbd2 c5 6. cxd5 exd5 7. dxc5 Bxc5 8. Bd3 Nc6 9. a3 0-0 10. b4 Bb6 11. 0-0 Bg4 12. Bb2 d4 13. exd4 Bxd4 14. Bxd4 Nxd4 15. h3 Bh5 16. Be2 Nxe2+ 17. Qxe2 Qd5 18. Qe5 Rad8 19. Qxd5 Rxd5 20. Rac1 Rfd8 21. g4 Bg6 22. Nc4 Be4 23. Nfd2 h5 24. Nxe4 Nxe4 25. Ne3 Rd3 26. Rc7 hxg4 27. hxg4 Rxa3 28. Rxb7 Nd6 29. Rc7 Nb5 30. Rb7 Nd6 31. Rc7 Nb5 32. Rb7 1/2-1/2

[Event "HUN-chT2 9899"]
[Site "Hungary"]
[Date "1998.??.??"]
[Round "?"]
[White "Baranyai, Karoly"]
[Black "Biro, Andras"]
[Result "0-1"]
[WhiteElo "2315"]
[BlackElo "2265"]
[PlyCount "45"]
[EventDate "1998.??.??"]
[EventType "team"]
[EventRounds "12"]
[EventCountry "HUN"]
[SourceTitle "EXT 2000"]
[Source "ChessBase"]
[SourceDate "1999.11.16"]
[SourceVersion "1"]
[SourceVersionDate "1999.11.16"]
[SourceQuality "1"]

1. d4 Nf6 2. c4 g6 3. Nc3 Bg7 4. e4 d6 5. Nf3 0-0 6. Be2 c5 7. d5 b5 8. cxb5 a6 9. bxa6 Bxa6 10. 0-0 Qa5 11. h3 Nbd7 12. Re1 Bxe2 13. Rxe2 Rfd8 14. Qc2 Nb6 15. Bg5 Na4 16. Nxa4 Qxa4 17. b3 Qa6 18. Rd1 Rdc8 19. e5 c4 20. b4 dxe5 21. Nxe5 c3 22. a4 h6 23. b5 0-1

[Event "HUN-chT2 9798"]
[Site "Hungary"]
[Date "1998.??.??"]
[Round "?"]
[White "Biro, Andras"]
[Black "Baranyai, Karoly"]
[Result "0-1"]
[WhiteElo "2300"]
[BlackElo "2315"]
[PlyCount "94"]
[EventDate "1997.??.??"]
[EventType "team"]
[EventRounds "11"]
[EventCountry "HUN"]
[SourceTitle "EXT 1999"]
[Source "ChessBase"]
[SourceDate "1998.11.16"]
[SourceVersion "1"]
[SourceVersionDate "1998.11.16"]
[SourceQuality "1"]

1. e4 c6 2. d4 d5 3. e5 c5 4. c3 Nc6 5. Be3 Nh6 6. Bxh6 gxh6 7. Ne2 Bg4 8. f3 Bf5 9. f4 Qb6 10. Qd2 e6 11. Ng3 Bxb1 12. Rxb1 cxd4 13. Bd3 0-0-0 14. a3 dxc3 15. bxc3 Qc5 16. a4 a6 17. Ke2 Na5 18. Qb2 Qc7 19. Rhc1 Nc4 20. Qb3 Rg8 21. Rd1 Na5 22. Qb6 h5 23. Qxc7+ Kxc7 24. Kf3 h4 25. Nh5 Be7 26. Nf6 Bxf6 27. exf6 Rd6 28. g4 hxg3 29. hxg3 Rc6 30. Rbc1 Nb3 31. Rc2 Nc5 32. c4 Nxd3 33. Rxd3 Rxc4 34. Rdc3 Rxc3+ 35. Rxc3+ Kb8 36. Rc2 Rg6 37. Rh2 h6 38. Ke3 Rxf6 39. Kd4 Rg6 40. Ke5 Kc7 41. a5 Rxg3 42. Rc2+ Kb8 43. Kf6 Rf3 44. Kxf7 Rxf4+ 45. Kxe6 d4 46. Rc4 h5 47. Ke5 Rg4 0-1